Mathematics Physics/ (Record no. 174964)

MARC details
000 -LEADER
fixed length control field 00657nam a22001937a 4500
005 - DATE AND TIME OF LATEST TRANSACTION
control field 20200728155505.0
010 ## - LCCN (DPL NO)
LC control number ENG-128298
020 ## - INTERNATIONAL STANDARD BOOK NUMBER
Terms of availability 475.00
International Standard Book Number 9789352837229
035 ## - SYSTEM CONTROL NUMBER
System control number EN-111830
037 ## - SOURCE OF ACQUISITION
Source of stock number/acquisition DBAD/PUB
082 ## - DEWEY DECIMAL CLASSIFICATION NUMBER
Classification number 530.15
Edition number 8ed.
100 ## - MAIN ENTRY--PERSONAL NAME
Personal name Dass,H K
245 ## - TITLE STATEMENT
Title Mathematics Physics/
Statement of responsibility, etc by H K Dass , Rama Verma
Remainder of title for the students of B.Sc. and M.sc.(physics)
260 ## - PUBLICATION, DISTRIBUTION, ETC. (IMPRINT)
Place of publication, distribution, etc New Delhi
Name of publisher, distributor, etc S.Chand
Date of publication, distribution, etc 2019
270 ## - ADDRESS
Address Head Office:7361,Ram Nagar,Qutab Rord
City New Delhi
Postal code 110055
Telephone number 23672080
Fax number 91-11-23677446
Electronic mail address info@schandpublishing.com
300 ## - PHYSICAL DESCRIPTION
Extent xxiv;1416p.
Dimensions 24cm(pbk)
700 ## - ADDED ENTRY--PERSONAL NAME
Personal name Verma,Rama
942 ## - ADDED ENTRY ELEMENTS (KOHA)
Source of classification or shelving scheme Dewey Decimal Classification
Item type English Books
Classification part 530.15
Call number suffix DAS
Holdings
Withdrawn status Lost status Not for loan Collection code Home library Current library Date acquired Source of acquisition Cost, normal purchase price Full call number Barcode Copy number Cost, replacement price Koha item type
      Non-fiction Central Library Central Library 28/07/2020 DBAD/PUB 475.00 530.15 DAS EN-111830 1 475.00 English Books

© Delhi Public Library
Hit Counter
free hit counter